Figure out the Taylor Swift song #1 - Statistics

General Stats
  • This quiz has been taken 3,031 times
    3,029 since last reset
  • The average score is 189 of 258
Answer Stats
Lyrics % Correct
I
99%
a
97%
you
95%
the
93%
We
93%
we
93%
me
90%
And
88%
and
88%
where
87%
be
84%
your
84%
is
83%
my
83%
My
83%
to
82%
this
80%
This
80%
You're
79%
you're
79%
Can
78%
for
78%
on
78%
go
77%
go?
77%
in
77%
lover
77%
ever
76%
ever)
76%
up
75%
our
74%
all
72%
always
72%
of
72%
Take
72%
take
72%
could
71%
lights
71%
that
71%
'til
71%
who
71%
Christmas
70%
Forever
70%
(Forever
70%
January
70%
make
70%
close?
69%
leave
69%
out
69%
With
69%
with
69%
every
68%
home
68%
I'm
68%
place
68%
rules
67%
will
66%
Have
65%
Oh
65%
man
64%
I'll
63%
stand?
63%
want
63%
hand
62%
Ladies
62%
please
62%
at
61%
gentlemen
61%
been
60%
force
58%
guitar
58%
or
58%
room
58%
but
57%
call
57%
friends
57%
has
57%
living
57%
magnetic
57%
now
57%
about
56%
I've
56%
save
56%
string
56%
yours
56%
loved
55%
years?
55%
dear
54%
end
54%
let
54%
scar
54%
seat
54%
seconds
54%
table
54%
twenty
54%
way
54%
you'll
54%
known
53%
there's
53%
blue
52%
everyone
52%
jokes
52%
well
52%
crash
51%
summers
51%
three
51%
wants
51%
heart's
50%
highly
50%
honey
50%
sees
50%
dirtiest
49%
true
49%
dazzling
48%
mysterious
48%
suspicious
48%
All's
47%
ends
46%
haze
46%
overdramatic
46%
Swear
46%
ah
44%
borrowed
44%
'em
44%
Darling
34%
No matching quizzes found
Score Distribution
Percent of People with Each Score
Percentile by Number Answered
Your Score History
You have not taken this quiz since the last reset